000 00473nam a22001817a 4500
003 CEME
005 20210628202215.0
008 210226b xxu||||| |||| 00| 0 eng d
020 _a0-201-08017-6
040 _c.
082 _a005 SOF
100 _aBiggerstaff, Ted J Perlis, Alan J
_958765
245 _aSoftware reusability concepts and models
260 _aNEW YORK
_bACM PRESS
_c1989
300 _aXXV,419P
650 _aCOMPUTER SOFTWARE
_91229
942 _cBK
_2ddc
999 _c568884
_d568884